Responses for show #5249 - Thursday, June 7, 2007

Susan Mitchell game 1.

Contestants

[<< previous game]

Marilyn Carnahan, a secretary from Flagstaff, Arizona

Susan Mitchell, a graduate student from College Station, Texas

Heidi Sanchez, a college library director from Bethpage, New York (whose 2-day cash winnings total $42,300)

[next game >>]

Jeopardy! Round responses

NONFICTION
TV INITIALS
PUBLISHING
DUDE-ERONOMY
CLASSIC AD CAMPAIGNS
YOU GET A "D"
    $200 1
Men Are From Mars, Women Are From Venus

Marilyn
    $200 6
California Highway Patrol

Marilyn
    $200 26
King James Bible

Heidi
    $200 16
Moses

Susan
    $200 21
Coca-Cola

Marilyn
    $200 11
Daniel Defoe

Susan
    $400 2
Sidney Poitier

Marilyn
    $400 7
Counter-Terrorism Unit

Triple Stumper
    $400 27
...for Dummies

Marilyn
    $400 17
the Ten Commandments

Marilyn
    $400 22
Avis

Marilyn
    $400 12
Dow Jones Industrial Average

Heidi
    $600 3
(Alex: Yes. The book, not the TV show.)

Gray's Anatomy

Heidi
    $600 8
Impossible Missions Force

Marilyn
    $1,400 28
(Marilyn: What is Doubleday?
Alex: No, think birds... what is [*].)

Penguin

Marilyn
    $600 18
seven

Susan
    $600 23
Crest

Marilyn
    $600 13
Daisy

Heidi
    $800 4
Rachel Carson

Susan
    $800 9
(Susan: What is squad?)
...
(Alex: Mobile Army [*] Hospital, yes.)

Surgical

HeidiSusan
    $800 29
Kirkus

Heidi
    $800 19
Dead Sea

Susan
    $800 24
Wisk

Heidi
    $800 14
debunk

Susan
    $1000 5
hat

Heidi
    $1000 10
Law & Order: Special Victims Unit

Susan
    $1000 30
Jane's

Marilyn
    $1000 20
Joshua

Susan
    $1000 25
Clairol

Marilyn
    $1000 15
Demeter

Susan

Scores at the first commercial break (after clue 15):

Heidi Susan Marilyn
$3,400 $3,000 $1,400

Scores at the end of the Jeopardy! Round:

Heidi Susan Marilyn
$5,200 $5,600 $4,000

Double Jeopardy! Round responses

20th CENTURY ASIA
JUILLIARD ALUMNI
ANATOMY
2 FOR THE MONEY
(Alex: We need two responses instead of one.)
LINCOLN LORE
10-LETTER WORDS
(Alex: Sounds like a difficult board.)
    $400 4
Mao Zedong

Susan
    $400 21
Val Kilmer

Marilyn
    $400 1
palates

Marilyn
    $400 14
Betsy Ross & Zamboni

Marilyn
    $400 9
law

Heidi
    $400 27
unbearable

Susan
    $2,000 5
Riyadh

Susan
    $800 22
Robin Williams

Triple Stumper
    $800 2
appendix

Triple Stumper
    $800 15
Goliath & Starbucks

Susan
    $800 10
Mathew Brady

Susan
    $800 28
tabernacle

Susan
    $1200 6
Kuala Lumpur

Susan
    $1200 23
Alan Greenspan

Susan
    $1200 3
cartilage

Susan
    $1200 16
(Susan: Who is Gorbachev and... vodka?)

Boris Yeltsin & vodka

Susan
Triple Stumper
    $1200 11
John Wilkes Booth

Heidi
    $1200 29
synonymous

Heidi
    $1600 7
Aral Sea

Susan
    $1600 24
Kevin Spacey

Triple Stumper
    $1600 19
large intestine

Susan
    $1600 17
Grand Canyon & Pauly Shore

Marilyn
    $3,000 12
Jefferson Davis

Heidi
    $1600 30
topography

Marilyn
    $2000 8
Norodom Sihanouk

Triple Stumper
    $2000 25
Itzhak Perlman

Heidi
    $2000 20
clavicle

Susan
    $2000 18
velcro & (Gheorghe) Zamfir

Marilyn
    $2000 13
100th anniversary of his birth

Heidi
    $2000 26
italicized

Susan

Scores at the end of the Double Jeopardy! Round:

Heidi Susan Marilyn
$15,000 $20,400 $10,400

[wagering suggestions for these scores]

Final Jeopardy! Round responses

ARTISTS
(Alex: I hope you thought of an artist who, for want of a better word, was troubled.)
...
(Alex: [Revealing Marilyn's response] Yes, [*], in a letter to his brother Theo.)
MarilynWho is Van Gogh?
$10,000
HeidiWho is Van Gogh?
$6,000
SusanWho is V. Van Gogh?
$9,700
Vincent van Gogh

Final scores:

Heidi Susan Marilyn
$21,000 $30,100 $20,400
2nd place: $2,000 New champion: $30,100 3rd place: $1,000

Game dynamics:

Coryat scores:

Heidi Susan Marilyn
$13,600 $19,200 $11,800
14 R
(including 1 DD),
0 W
22 R
(including 1 DD),
2 W
17 R,
1 W
(including 1 DD)

Combined Coryat: $44,600

The J! Archive is created by fans, for fans. The Jeopardy! game show and all elements thereof, including but not limited to copyright and trademark thereto, are the property of Jeopardy Productions, Inc. and are protected under law. This website is not affiliated with, sponsored by, or operated by Jeopardy Productions, Inc. Join the discussion at JBoard.tv.